UITU Library & LRC     

Carbon Nanotubes: (Record no. 31660)

MARC details
000 -LEADER
fixed length control field 00364nam a2200133Ia 4500
008 - FIXED-LENGTH DATA ELEMENTS--GENERAL INFORMATION
fixed length control field 251118s9999 xx 000 0 und d
082 ## - DEWEY DECIMAL CLASSIFICATION NUMBER
Classification number 620.5 NAQ
100 ## - MAIN ENTRY--PERSONAL NAME
Personal name Naqvi, Nasreen
245 #0 - TITLE STATEMENT
Title Carbon Nanotubes:
Remainder of title a literature survey
260 ## - PUBLICATION, DISTRIBUTION, ETC.
Place of publication, distribution, etc. Karachi: 
Name of publisher, distributor, etc. Idara Tazeen e Danish,
Date of publication, distribution, etc. 2015
300 ## - PHYSICAL DESCRIPTION
Extent xvi, 216p.
600 ## - SUBJECT ADDED ENTRY--PERSONAL NAME
Personal name Electrical Engineering 
942 ## - ADDED ENTRY ELEMENTS (KOHA)
Koha item type Gifted & Donated Books
Holdings
Withdrawn status Lost status Damaged status Not for loan Home library Current library Shelving location Date acquired Source of acquisition Total checkouts Full call number Barcode Date last seen Price effective from Koha item type Public note
        UITU Library UITU Library Gifted Books 11/18/2025 Gifted by Anonymous   620.5 NAQ G382 11/18/2025 11/18/2025 Gifted & Donated Books Gifted by Anonymous

Powered by Koha